|
|
|
|
| LEADER |
00000nab a2200000Ia 4500 |
| 001 |
vtls010761961 |
| 003 |
SK-MaSNL |
| 005 |
20260304203208.0 |
| 008 |
250718|2011 xo |||||||||||||||||slo| |
| 035 |
|
|
|a (urnnbn)urn:nbn:sk:snk:ar-a030hw
|
| 035 |
|
|
|a (uuid)52a2be3c-3f9a-41f6-bf4d-b5b75c44711b
|
| 035 |
|
|
|a urn:nbn:sk:snk-ab4pr3
|
| 040 |
|
|
|a SNKBUCL
|b slo
|c SNKBUCL
|e AACR2
|
| 041 |
0 |
|
|a slo
|
| 044 |
|
|
|a xo
|c SK
|
| 080 |
|
|
|a (437.6)
|2 2001
|
| 080 |
|
|
|a 622
|2 2001
|
| 080 |
|
|
|a 93/94
|2 2011
|
| 100 |
1 |
|
|a Ondrejka, Maroš,
|d 1991-
|4 aut
|9 230620
|
| 245 |
1 |
0 |
|a Zlato v okolí Limbachu
|c Maroš Ondrejka
|
| 650 |
0 |
7 |
|a baníctvo
|2 SNKPH
|9 3571
|
| 650 |
0 |
7 |
|a dejiny
|2 SNKPH
|9 3825
|
| 651 |
|
7 |
|a Limbach (Slovensko)
|2 SNKPH
|9 25028
|
| 773 |
0 |
|
|t Krásy Slovenska : príroda, ľudia, turistika, pamiatky, tradície, jaskyne
|g Roč. 88, č. 1-2 (2011), s. 50-53
|
| 850 |
|
|
|a Slovenská národná knižnica
|
| 852 |
|
|
|a Slovenská národná knižnica
|
| 954 |
|
|
|a odborná, vedecká literatúra pôvodná (slovenská)
|2 lita
|
| 958 |
|
|
|a article3
|
| 999 |
|
|
|c 3108253
|d 3110183
|